000 00773nam a22001337a 4500
040 _cRUA
082 _aAVM PEA 2018 B649 Or.1
100 _aPEANH CHIN ពាញ ជីន
245 _aantimicrobail resistance of escherichia coli on local chicken in veal sbaov commune, chbar ampov district, phnom penh capital ភាពសុាំនៃបាក់តេរី Escherichia coli ក្នុងលាមកមាន់ពូជក្នុងស្រុកនៅសង្កាត់វាលស្បូវ ខណ្ឌច្បាអំពៅរាជធានីភ្នំពេញ
260 _aRUA
_bPhnom penh
_c2018
300 _aix;29p
_bill;
_c29cm
856 _uhttps://drive.google.com/file/d/1b7j2pceRBr7iRYcHNpfqcNTFUPx03crG/view?usp=sharing
942 _cAVM
999 _c18316
_d18316